000 01208nam a2200301Ia 4500
003 OSt
005 20221005110633.0
006 a|||||r|||| 00| 0
007 ta
008 221004b |||||||| |||| 00| 0 hin d
020 _a9789326352512 (hbk)
_cINR 200.00
024 _a37979
037 _bBW/1688, 15/03/2018, Bookwell
_cTextual
040 _aCRL
_cCRL
_bhin
041 _2hin
_ahin
082 _aO152,1N383x, Q6
100 _aकालिया, रवीन्द्र, संपा.
245 0 _aहिन्दी की बेहतरीन ग़ज़लें
246 _aHindī kī behatarīn ग़ज़lean
250 _aसंस्करण 3
260 _aनई दिल्ली
_bभारतीय ज्ञानपीठ भारत
_c2016
300 _a135पृ0
_ccm.
490 _aलोकोदय ग्रन्थमाला; ग्रन्थांक 1222
650 _a हिन्दी साहित्य
650 _aहिन्दी कविता
942 _hO152,1N383x, Q6
_cTEXL
_2cc
999 _c1019420
_d1019420